पर्यावरण एक समाजशास्त्रीय अध्ययन / (Record no. 34575)

MARC details
000 -LEADER
fixed length control field 01097nam a22002297a 4500
005 - DATE AND TIME OF LATEST TRANSACTION
control field 2010031104284.0
008 - FIXED-LENGTH DATA ELEMENTS--GENERAL INFORMATION
fixed length control field 100311t xxu||||| |||| 00| 0 hin d
010 ## - LCCN (DPL NO)
LC control number HIN-89087
020 ## - INTERNATIONAL STANDARD BOOK NUMBER
Terms of availability 495.00
International Standard Book Number 9788189531102
035 ## - SYSTEM CONTROL NUMBER
System control number HN-61433
037 ## - SOURCE OF ACQUISITION
Source of stock number/acquisition DBAD / PUB
040 ## - CATALOGING SOURCE
Original cataloging agency DPL
Language of cataloging HN
082 ## - DEWEY DECIMAL CLASSIFICATION NUMBER
Classification number 363.7
100 ## - MAIN ENTRY--PERSONAL NAME
Personal name जगदीश सिंह
9 (RLIN) 16568
245 ## - TITLE STATEMENT
Title पर्यावरण एक समाजशास्त्रीय अध्ययन /
Statement of responsibility, etc जगदीश सिंह
246 ## - VARYING FORM OF TITLE
Title proper/short title Paryavaran:ek Samajshatriya Adhayan
Remainder of title by Jagdish Singh
260 ## - PUBLICATION, DISTRIBUTION, ETC. (IMPRINT)
Place of publication, distribution, etc नई दिल्ली
Name of publisher, distributor, etc तेज प्रकाशन
Date of publication, distribution, etc 2009
270 ## - ADDRESS
Address 98, प्रथम तल, निकट कर्मिशयल स्कूल , दरियागंज
City नई दिल्ली
Postal code 110002
Telephone number 011 43528469
Fax number 011 23258802
300 ## - PHYSICAL DESCRIPTION
Extent 309पृ
Dimensions 22सेमी (सजिल्द)
942 ## - ADDED ENTRY ELEMENTS (KOHA)
Source of classification or shelving scheme Dewey Decimal Classification
Item type Hindi Books
Call number suffix जगदी
Holdings
Withdrawn status Lost status Source of classification or shelving scheme Damaged status Not for loan Collection code Home library Current library Date acquired Source of acquisition Cost, normal purchase price Total Checkouts Full call number Barcode Date last seen Copy number Cost, replacement price Koha item type
    Dewey Decimal Classification   Not For Loan Non-fiction D.B.Act.Division D.B.Act.Division 11/03/2010 DBAD / PUB 495.00   जगदी HN-61433 11/03/2010 1 495.00 Hindi Books

© Delhi Public Library
Hit Counter
free hit counter